Aunt tulip's carnival / (Record no. 2213)

MARC details
000 -LEADER
fixed length control field 00758nam a22002177a 4500
005 - DATE AND TIME OF LATEST TRANSACTION
control field 20231110103104.0
020 ## - INTERNATIONAL STANDARD BOOK NUMBER
International Standard Book Number 9780007254187
040 ## - CATALOGING SOURCE
Original cataloging agency FISKH
Language of cataloging eng
Transcribing agency FISKH
Modifying agency FISKH
100 ## - MAIN ENTRY--PERSONAL NAME
Personal name Chapman, Keith
245 ## - TITLE STATEMENT
Title Aunt tulip's carnival /
260 ## - PUBLICATION, DISTRIBUTION, ETC.
Place of publication, distribution, etc. London :
Name of publisher, distributor, etc. HarperCollins,
Date of publication, distribution, etc. 2007
300 ## - PHYSICAL DESCRIPTION
Extent 26 unnumbered pages :
Dimensions 22x22 cm
Other physical details illustrations
505 ## - FORMATTED CONTENTS NOTE
Formatted contents note M
520 ## - SUMMARY, ETC.
Summary, etc. It's carnival time in Flowertot Garden. Everybody is dashing around preparing for the big day. Fifi and Bumble are baking cakes, Primrose is painting and Violet is busy making herself beautiful. It is a celebration not to be missed.
521 ## - TARGET AUDIENCE NOTE
Target audience note 700
Source Lexile estimate
521 ## - TARGET AUDIENCE NOTE
Target audience note M
Source Raz-Plus
650 ## - SUBJECT ADDED ENTRY--TOPICAL TERM
Topical term or geographic name entry element Flower
650 ## - SUBJECT ADDED ENTRY--TOPICAL TERM
Topical term or geographic name entry element Bug
942 ## - ADDED ENTRY ELEMENTS (KOHA)
Source of classification or shelving scheme Dewey Decimal Classification
Koha item type Books
Suppress in OPAC No
999 ## -
-- 2213
-- 2213
Holdings
Withdrawn status Lost status Source of classification or shelving scheme Damaged status Not for loan Collection Home library Current library Shelving location Date acquired Total Checkouts Full call number Barcode Date last seen Price effective from Koha item type
    Dewey Decimal Classification     Juvenile Fiction Footprints International School Library Network Toul Kork Campus Footprints International School Library Network Toul Kork Campus TK Primary Library Room(4th Floor), Bookcase 5&6, Shelves 33-56, Orange Books 11/10/2023   CHA FISBT00076 11/10/2023 11/10/2023 Books